[Event "Avoine op 22nd"]
[Site "Avoine"]
[Date "2007.07.21"]
[Round "1"]
[White "Stephan, Arthur"]
[Black "Guibouret, Gerard"]
[Result "0-1"]
[WhiteElo "1958"]
[BlackElo "1850"]
[PlyCount "100"]
[EventDate "2007.07.21"]
[EventType "swiss"]
[EventRounds "9"]
[EventCountry "FRA"]
[SourceTitle "EXT 2010"]
[Source "ChessBase"]
[SourceDate "2010.11.25"]
[SourceVersion "1"]
[SourceVersionDate "2010.11.25"]
[SourceQuality "1"]

1. e4 a6 2. d4 d6 3. Nf3 Bg4 4. Bc4 e6 5. d5 e5 6. Nc3 Nf6 7. h3 Bh5 8. g4 Bg6 9. Bg5 h6 10. Bh4 Be7 11. Qe2 Nbd7 12. Nd2 b5 13. Bd3 Nc5 14. 0-0-0 b4 15. Ncb1 Nxd5 16. exd5 Nxd3+ 17. cxd3 Bxh4 18. Nb3 a5 19. f4 0-0 20. f5 Bh7 21. N1d2 a4 22. Na1 c6 23. Nf3 cxd5 24. Nxh4 Qxh4 25. Rdg1 Rfc8+ 26. Kb1 b3 27. axb3 a3 28. Nc2 axb2 29. Kxb2 Qf6 30. h4 e4+ 31. d4 Rxc2+ 32. Qxc2 Qxd4+ 33. Qc3 Ra2+ 34. Kxa2 Qxc3 35. Rc1 Qa5+ 36. Kb2 g6 37. f6 Kh8 38. Rc8+ Bg8 39. Rhc1 Qd2+ 40. Kb1 e3 41. Re8 Qd3+ 42. Ka2 Qd2+ 43. Kb1 e2 44. g5 Kh7 45. gxh6 Qd3+ 46. Ka2 d4 47. h5 g5 48. Rg1 Qd2+ 49. Ka3 Qa5+ 50. Kb2 d3 0-1

[Event "FRA-chT4 0506"]
[Site "Bretagne"]
[Date "2005.11.20"]
[Round "2"]
[White "Stephan, Arthur"]
[Black "Abgrall, Herve"]
[Result "1/2-1/2"]
[WhiteElo "1750"]
[BlackElo "1740"]
[PlyCount "93"]
[EventDate "2005.10.16"]
[EventType "team"]
[EventRounds "7"]
[EventCountry "FRA"]
[SourceTitle "EXT 2007"]
[Source "ChessBase"]
[SourceDate "2006.11.23"]
[SourceVersion "1"]
[SourceVersionDate "2006.11.23"]
[SourceQuality "1"]

1. e4 c6 2. d4 d5 3. exd5 cxd5 4. c4 Nf6 5. Nc3 e6 6. Nf3 Be7 7. Bf4 0-0 8. cxd5 Nxd5 9. Nxd5 Qxd5 10. b3 Nc6 11. Bc4 Qe4+ 12. Be3 Bb4+ 13. Kf1 Rd8 14. Ng5 Qg6 15. Bd3 f5 16. Nf3 Bc3 17. Rc1 Bxd4 18. Rxc6 Bxe3 19. Rxc8 Raxc8 20. fxe3 Rc3 21. Ne1 Qg5 22. Qd2 Rdc8 23. Bc4 Qxe3 24. Qxe3 Rxe3 25. Kf2 Re4 26. Nf3 Rd8 27. Re1 Rxe1 28. Kxe1 g6 29. Bxe6+ Kg7 30. Bc4 Kf6 31. Ke2 f4 32. Bd3 h6 33. Be4 b6 34. Bd3 g5 35. h3 Re8+ 36. Kf2 Re3 37. Bc4 Rc3 38. a4 h5 39. Nd4 g4 40. hxg4 hxg4 41. Nb5 Rc2+ 42. Kf1 a5 43. Nc7 Ke5 44. Nd5 Rc1+ 45. Ke2 Rc2+ 46. Kf1 Rc1+ 47. Ke2 1/2-1/2

[Event "FRA-chT4 0506"]
[Site "Bretagne"]
[Date "2005.10.16"]
[Round "1"]
[White "Le Lostec, Michael"]
[Black "Stephan, Arthur"]
[Result "0-1"]
[WhiteElo "1600"]
[BlackElo "1750"]
[PlyCount "72"]
[EventDate "2005.10.16"]
[EventType "team"]
[EventRounds "7"]
[EventCountry "FRA"]
[SourceTitle "EXT 2007"]
[Source "ChessBase"]
[SourceDate "2006.11.23"]
[SourceVersion "1"]
[SourceVersionDate "2006.11.23"]
[SourceQuality "1"]

1. g3 e5 2. Bg2 Nf6 3. d3 h6 4. Nf3 Nc6 5. 0-0 d5 6. c4 Be6 7. cxd5 Nxd5 8. Nc3 Bc5 9. Ne4 Bb6 10. Qa4 Qd7 11. b4 f6 12. Nc5 Bxc5 13. bxc5 Bh3 14. Bd2 Bxg2 15. Kxg2 g5 16. Qc4 h5 17. Rab1 h4 18. Rh1 b6 19. e4 Nde7 20. Be3 Qg4 21. h3 Qd7 22. g4 Rd8 23. Rhd1 Ng6 24. cxb6 cxb6 25. Rbc1 Nce7 26. a4 Rc8 27. Qb5 Qxb5 28. axb5 Kd7 29. d4 Ke6 30. d5+ Kd7 31. Nd2 Rxc1 32. Rxc1 Rc8 33. Rc4 Rxc4 34. Nxc4 Nc8 35. Bd2 Nd6 36. Na3 Nxe4 0-1